Online
Catalog

Educación de la voz : (Record no. 53000)

MARC details
000 -CABECERA
campo de control de longitud fija 01732nam a2200265 a 4500
001 - NÚMERO DE CONTROL
campo de control 000047916
003 - IDENTIFICADOR DEL NÚMERO DE CONTROL
campo de control DO-SdBNP
005 - FECHA Y HORA DE LA ÚLTIMA TRANSACCIÓN
campo de control 20240313073817.0
007 - CAMPO FIJO DE DESCRIPCIÓN FÍSICA--INFORMACIÓN GENERAL
campo de control de longitud fija ta
008 - DATOS DE LONGITUD FIJA--INFORMACIÓN GENERAL
campo de control de longitud fija 181004s2009 dr ac 000 m spa d
040 ## - FUENTE DE LA CATALOGACIÓN
Centro catalogador/agencia de origen DO-SdBNP
Lengua de catalogación spa
Centro/agencia transcriptor BNPHU
082 ## - NÚMERO DE LA CLASIFICACIÓN DECIMAL DEWEY
Número de clasificación 808.5
Número de documento/Ítem R621e
Número de edición 22
100 1# - ENTRADA PRINCIPAL--NOMBRE DE PERSONA
Nombre de persona Rivera, Otto
9 (RLIN) 75477
245 10 - MENCIÓN DE TÍTULO
Título Educación de la voz :
Resto del título mejore su léxico, dicción-fluidez, entonación /
Mención de responsabilidad, etc. Otto Orlando Rivera Sánchez prólogo Lipe Collado.
250 ## - MENCIÓN DE EDICIÓN
Mención de edición Edición corregida
260 ## - PUBLICACIÓN, DISTRIBUCIÓN, ETC.
Lugar de publicación, distribución, etc. Santo Domingo :
Nombre del editor, distribuidor, etc. [s.n],
Fecha de publicación, distribución, etc. 2009.
300 ## - DESCRIPCIÓN FÍSICA
Extensión 161 p. :
Otras características físicas il., retrs. ;
Dimensiones 21 cm.
505 0# - NOTA DE CONTENIDO CON FORMATO
Nota de contenido con formato A manera de prólogo --
Título Semblanza del autor --
-- Motivación --
-- Sonido oral --
-- Sistema de fonación --
-- La laringe --
-- La voz --
-- Tono --
-- Decálogo para el cuidado de la voz --
-- El comentarista del disco (Disc Jockey) --
-- Locutor de cabina --
-- Improvisación. Maestría de ceremonias --
-- Hágase de su estilo propio --
-- Respiración: útiles recomendaciones --
-- Agilidad en la lectura --
-- Ejercicios: trabalenguas, declamaciones --
-- La buena expresión. Recomendaciones --
-- Frente a la cámara de televisión --
-- Diez reglas para la entrevista radial --
-- El micrófono --
-- Al hablar por el micrófono --
-- De los timbres básicos --
-- Hablar bien --
-- Pronunciación de las consonantes --
-- Vocabulario --
-- Terminología --
-- Los artistas --
-- El actor --
-- El orador --
-- Pensamientos universales --
-- Prominentes de la buena expresión --
-- Dignatarios y representativos --
-- Diez normas para triunfar en la vida.
590 ## - NOTA LOCAL (RLIN)
Nota local Inventariado, 2022 / DG
650 4# - PUNTO DE ACCESO ADICIONAL DE MATERIA--TÉRMINO DE MATERIA
Término de materia o nombre geográfico como elemento de entrada COMUNICACION ORAL
Subdivisión general ENSEÑANZA
9 (RLIN) 82871
650 4# - PUNTO DE ACCESO ADICIONAL DE MATERIA--TÉRMINO DE MATERIA
Término de materia o nombre geográfico como elemento de entrada CULTIVO DE LA VOZ
9 (RLIN) 34818
700 1# - PUNTO DE ACCESO ADICIONAL--NOMBRE DE PERSONA
Nombre de persona Collado, Lipe,
Fechas asociadas al nombre 1947-
Término indicativo de función/relación pról.
9 (RLIN) 79819
910 ## - DATOS DE OPCIÓN DEL USUARIO (OCLC)
Datos de opción del usuario DG
942 ## - ELEMENTOS DE PUNTO DE ACCESO ADICIONAL (KOHA)
Fuente del sistema de clasificación o colocación Dewey Decimal Classification
Tipo de ítem Koha Libro
Holdings
Estado de retiro Estado de pérdida Fuente del sistema de clasificación o colocación Restricciones de uso No para préstamo Código de colección Localización permanente Ubicación/localización actual Ubicación en estantería Fecha de adquisición Total de préstamos Signatura topográfica completa Código de barras Fecha visto por última vez Precio válido a partir de Tipo de ítem Koha
    Dewey Decimal Classification Excluido de préstamo   Patrimonio Dominicano Biblioteca Nacional Pedro Henríquez Ureña Biblioteca Nacional Pedro Henríquez Ureña En catalogación 25.11.2022   BNPHU PD 808.5 R621e 2022-5612 25.11.2022 25.11.2022 Libro

Powered by Koha